[Event "BL 2016-17"]
[Site "Germany"]
[Date "2017.04.08"]
[Round "11"]
[White "Giri, Anish"]
[Black "Granda Zuniga, Julio E"]
[Result "0-1"]
[WhiteElo "2771"]
[BlackElo "2658"]
[Annotator "TA"]
[PlyCount "74"]
[EventDate "2017.??.??"]
[EventType "team-tourn"]
[EventCountry "GER"]
[SourceTitle "playchess.com"]
[Source "ChessBase"]
[SourceQuality "1"]
[WhiteTeam "Solingen"]
[BlackTeam "Aufwärts Aachen"]

{[%evp 11,74,30,28,2,22,26,12,14,29,16,21,0,31,37,24,34,49,0,40,-12,-12,-14,-6,-20,66,61,75,70,79,62,44,35,96,41,38,0,0,-50,-53,-106,21,-127,49,-106,-31,-175,-103,-437,-127,-127,-129,-207,-202,-198,-201,-199,-206,-204,-197,-503,-439,-1068,-1039,-1234,-1232]} 1. Nf3 Nf6 2. g3 d5 3. Bg2 c6 4. c4 Bg4 5. Ne5 Be6 6. d4 {A11: English Opening: 1...c6} (6. O-O Nbd7 7. cxd5 Bxd5 8. Nf3 e5 9. Nc3 Bxf3 10. Bxf3 Bc5 11. d3 O-O 12. Bg5 Re8 13. Rc1 Be7 {½-½ (55) Petrosian,T (2625)-Carlsen,M (2850) Berlin 2015}) 6... Nbd7 {LiveBook: 6 Games} 7. Na3 g6 $146 (7... Nxe5 8. dxe5 Nd7 9. cxd5 cxd5 10. Qd4 Qb6 11. Be3 Qxd4 12. Bxd4 a6 13. Rc1 f6 14. exf6 exf6 {1-0 (31) Endres,C (2002)-Hack,K (1831) Mittelfranken 2008}) 8. O-O {The position is equal.} Bg7 9. cxd5 Bxd5 10. f3 Qb6 11. Kh1 Rd8 12. e4 Be6 $1 {aiming for ...Nxe5.} 13. Nec4 Qa6 14. Ne3 Nc5 15. e5 (15. Nac2 $14) 15... Nd5 $11 16. Nxd5 Rxd5 17. f4 Nd3 (17... Rd8 $11) 18. Bxd5 $14 Bxd5+ 19. Kg1 O-O 20. Nc2 Rd8 21. b3 f5 ({Black should play} 21... Nxc1 $14 22. Rxc1 (22. Qxc1 Qd3 $14) 22... Qxa2) 22. Ba3 (22. Be3 $16) 22... Be4 23. Qd2 (23. Bxe7 Rxd4 24. h3 (24. Nxd4 $2 Qb6 25. Rf2 Qxd4 $19) 24... Rd7 $19) 23... c5 $1 24. dxc5 g5 25. fxg5 (25. Rae1 $1 $15) 25... Bxe5 ({Black should try} 25... Rd5 $1 $17 26. Rad1 e6) 26. Rad1 (26. Rae1 $1 $11) 26... Qg6 $2 (26... Rd5 $1 $17 {Strongly threatening ...Nb4!} 27. Qe3 Qg6) 27. Qe3 $2 (27. Qe2 $14 {stays ahead.}) 27... h6 $40 {[%mdl 128] Black has some attack.} (27... Rd5 $1 $17) 28. Bc1 (28. Qe2 $15) 28... Kh7 ({Better is} 28... Rd5 $19 {And now ...f4 would win.} 29. b4 (29. gxh6 f4 30. Qd2 fxg3 $19) 29... f4 30. gxf4 Bxf4 31. Rxf4 Rxg5+ 32. Kf1 Nxf4 33. Rd8+ Kf7) 29. h4 $2 {[%mdl 8192]} (29. gxh6 $2 f4 30. Qe2 fxg3 31. Rf7+ Kh8 $19) (29. g4 $17 {is a better chance.} f4 30. Qe2 hxg5 31. Rxd3 Rxd3 32. Re1) 29... hxg5 $2 (29... Qh5 $1 $19 {is more deadly.} 30. c6 (30. gxh6 $2 Nxc1 31. Rde1 Nd3 $19) 30... Bf4 $1 {[%mdl 512]} 31. Qxe4 fxe4 32. Bxf4 Rf8 33. cxb7 Nxf4) 30. Qxg5 $17 Rg8 {[%cal Bd8g8,Bg8g6,Bg6g3][%mdl 32]} 31. Rxd3 (31. Qxe7+ $2 Rg7 32. Qg5 Qe8 33. Qh6+ Kg8 $19) (31. Qxg6+ $17 Rxg6 32. Bg5 Bxg3 33. Rxd3 Bxh4 34. Rfd1) 31... Bxd3 $19 32. Re1 Bf6 ({And not} 32... Bxg3 33. Rxe7+ Rg7 34. Qxg6+ Kxg6 35. Re3 $14) 33. Qxg6+ Rxg6 34. Nb4 {[#]} Be4 $1 ({Resist} 34... Rxg3+ 35. Kh2 Rf3 36. Nxd3 Rxd3 37. Bg5 $17) 35. Re2 $2 (35. Kf2 {is tougher.} Bd4+ 36. Be3) 35... a5 {Black is clearly winning.} 36. h5 (36. Rxe4 $142 fxe4 37. Nd5 Rxg3+ 38. Kf2 Bxh4 39. Ke2) 36... Rxg3+ ({Not} 36... axb4 37. hxg6+ Kxg6 38. g4 $16) 37. Kh2 Be5 0-1

[Event "BL 2016-17"]
[Site "Germany"]
[Date "2017.04.08"]
[Round "11"]
[White "Inarkiev, Ernesto"]
[Black "Duda, Jan-Krzysztof"]
[Result "1/2-1/2"]
[WhiteElo "2727"]
[BlackElo "2684"]
[Annotator "TA"]
[PlyCount "95"]
[EventDate "2017.??.??"]
[EventType "team-tourn"]
[EventCountry "GER"]
[SourceTitle "playchess.com"]
[Source "ChessBase"]
[SourceQuality "1"]
[WhiteTeam "Schwäbisch Hall"]
[BlackTeam "Hamburger SK"]

{[%evp 16,95,12,4,16,0,27,9,9,9,9,5,5,9,13,-13,9,0,18,25,38,7,22,14,23,18,18,15,20,4,11,11,20,0,25,0,0,0,0,0,0,0,0,0,0,0,0,0,0,0,0,0,0,0,0,0,0,0,0,0,0,0,0,0,0,0,0,0,0,0,0,-560,0,0,0,0,0,0,0,0,0,0]} 1. e4 e5 2. Nf3 Nc6 3. Bb5 a6 4. Ba4 Nf6 5. O-O Be7 6. d3 b5 7. Bb3 d6 8. a3 O-O 9. Nc3 Nb8 {[%cal Bc6b8,Bb8d7,Bd7c5][%mdl 32] C77: Ruy Lopez: 3...a6 4 Ba4 Nf6, unusual lines} 10. Ne2 Nbd7 11. Ng3 Nc5 12. Ba2 Be6 13. Re1 $146 (13. Be3 Bxa2 14. Rxa2 Ne6 15. d4 exd4 16. Nxd4 Nxd4 17. Bxd4 {½-½ (47) Fressinet,L (2700)-Sargissian,G (2702) Huaian 2016}) 13... Bxa2 14. Rxa2 g6 15. d4 Ncd7 16. b3 c5 17. dxe5 dxe5 18. Bb2 Qb8 19. c4 Re8 20. Ba1 Bd8 21. Qc2 Qb7 22. a4 Rb8 23. axb5 axb5 24. Rd1 Bc7 25. Ne2 bxc4 26. bxc4 Qxe4 27. Qxe4 Nxe4 28. Ra7 Rec8 29. Nc3 Nxc3 30. Bxc3 Nb6 31. Bxe5 Bxe5 32. Nxe5 Ra8 33. Rb7 Rab8 34. Ra7 (34. Rxf7 $2 Re8 35. Rc7 Rxe5 $19) 34... Ra8 35. Rda1 ({Of course not} 35. Rxf7 Nxc4 36. Re7 (36. Nxc4 $2 Rd8 37. Rb1 Kxf7 $19) 36... Nxe5 37. Rxe5 c4 $15) 35... Rxa7 36. Rxa7 $11 {[%mdl 4096] Endgame KRN-KRN} Re8 37. f4 f6 38. Ng4 Re6 39. Nh6+ Kh8 40. g4 Re4 ({Weaker is} 40... Nxc4 41. Ra8+ Kg7 42. g5 Re1+ 43. Kf2 Rf1+ 44. Kxf1 fxg5 45. fxg5 Ne3+ 46. Ke2 Ng2 47. Rg8#) 41. h4 Rxf4 42. Rb7 {[#] Black must now prevent Rb8+.} Nxc4 {Threatens to win with ...Ne5.} 43. Rb8+ Kg7 44. g5 {The position is equal.} fxg5 45. hxg5 {[%csl Gh6][%cal Rb8g8]} Rf8 46. Rb7+ Kh8 47. Nf7+ Kg8 48. Nh6+ 1/2-1/2

[Event "BL 2016-17"]
[Site "Germany"]
[Date "2017.04.08"]
[Round "11"]
[White "Vallejo Pons, Francisco"]
[Black "Rabiega, Robert"]
[Result "1-0"]
[WhiteElo "2710"]
[BlackElo "2504"]
[Annotator "TA"]
[PlyCount "61"]
[EventDate "2017.??.??"]
[EventType "team-tourn"]
[EventCountry "GER"]
[SourceTitle "playchess.com"]
[Source "ChessBase"]
[SourceQuality "1"]
[WhiteTeam "Baden-Baden"]
[BlackTeam "König Tegel"]

{[%evp 16,61,48,29,31,31,44,45,49,40,66,70,70,46,52,44,47,54,51,44,196,195,345,377,348,191,168,135,166,161,211,193,243,134,127,129,129,129,128,123,134,110,182,214,433,428,412,414]} 1. d4 d5 2. c4 dxc4 3. e4 Nf6 4. e5 Nd5 5. Bxc4 Nb6 6. Bd3 Nc6 7. Ne2 Bg4 8. Be3 {D20: Queen's Gambit Accepted: 3 e3 and 3 e4} e6 9. Nbc3 {LiveBook: 20 Games} Be7 10. O-O {White is slightly better.} Bh5 $146 (10... O-O 11. Rc1 Bh5 12. a3 Qd7 13. Be4 Rad8 14. b4 Bg6 15. Bf3 a6 {0-1 (56) Volkov,S (2634)-Shipov,S (2591) playchess.com INT 2006}) 11. Be4 Qd7 12. Rc1 Bg6 13. Bxc6 Qxc6 14. Nf4 Qd7 $1 15. d5 Nxd5 16. Ncxd5 exd5 17. Nxd5 Bd8 $2 (17... c6 $14 18. Nxe7 Qxd1 19. Rcxd1 (19. Rfxd1 Kxe7 20. Bc5+ Ke6 $14) 19... Kxe7) 18. Qb3 $1 $18 c6 (18... O-O $142 19. Qxb7 Qc8 20. Rxc7 Qxb7 21. Rxb7 Be4) 19. Rfd1 $1 {aiming for Nf6+!} (19. Nf4 O-O $16) 19... Qc8 20. Qb4 (20. Nf4 O-O $16) (20. Bc5 $142) 20... Bf5 21. h3 h5 22. a4 a5 23. Qa3 $1 Qe6 {[#]} 24. Nb6 (24. Nf4 $1 $18 {[%cal Rf4e6]} Qc8 25. Bd4 (25. Qd6 Be7 26. Qd2 O-O $14)) 24... Bxb6 $16 25. Bxb6 Be4 26. Rd6 Qf5 {Hoping for ...Qg5.} ({Don't capture} 26... Qxe5 $2 27. Re1 O-O 28. f3 $18) 27. Qg3 $36 {[%mdl 2048] White has strong initiative.} ({Don't play} 27. f3 $6 Bd5 $11) 27... O-O 28. Re1 Rfe8 {[#]} (28... Bd5 $16) 29. e6 $1 $18 {[%mdl 512] Black must now prevent Bd4.} Rxe6 $2 (29... c5 30. e7 Bc6) 30. Bd4 {[%csl Gd4][%cal Rg3g7]} ({Weaker is} 30. Rxe6 Qxe6 31. Bd4 Qg6 $18) 30... Rg6 31. Rxg6 1-0

[Event "BL 2016-17"]
[Site "Germany"]
[Date "2017.04.08"]
[Round "11"]
[White "Almasi, Zoltan"]
[Black "Fressinet, Laurent"]
[Result "1/2-1/2"]
[WhiteElo "2696"]
[BlackElo "2665"]
[Annotator "TA"]
[PlyCount "54"]
[EventDate "2017.??.??"]
[EventType "team-tourn"]
[EventCountry "GER"]
[SourceTitle "playchess.com"]
[Source "ChessBase"]
[SourceQuality "1"]
[WhiteTeam "TU Dresden"]
[BlackTeam "Werder Bremen"]

{[%evp 23,54,9,12,-10,0,-14,-14,-14,-14,-16,-4,-11,-4,-15,-17,-15,-15,-24,-20,-20,-20,-34,-34,-32,-23,-70,-67,-56,-25,-35,-16,-18,-11]} 1. Nf3 d5 2. g3 g6 3. Bg2 Bg7 4. O-O Nf6 5. c4 c6 6. b3 Ne4 7. d4 O-O 8. Bb2 Bf5 9. Nbd2 a5 10. Nh4 Nxd2 11. Qxd2 Be6 12. Rfc1 {D78: Fianchetto Grünfeld: 6 0-0 c6} (12. e4 dxc4 13. d5 Bxb2 14. Qxb2 cxd5 15. Rfd1 d4 16. bxc4 Nc6 17. Qxb7 Qc8 18. Qb5 Rb8 19. Qc5 Rb7 {0-1 (39) Nakamura,H (2789)-Mchedlishvili,M (2609) Baku 2016}) 12... a4 {LiveBook: 5 Games} 13. Qb4 (13. cxd5 $5 {feels hotter.} cxd5 14. e3 Nc6 15. Nf3 a3 16. Bc3) 13... axb3 14. axb3 Rxa1 15. Bxa1 $146 (15. Rxa1 dxc4 16. bxc4 Bxd4 17. c5 Bxb2 18. Qxb2 Bc8 19. Qc3 Na6 20. Rc1 e5 21. Qxe5 Re8 22. Qb2 Qe7 23. e3 Nxc5 24. Qc2 Na6 {0-1 (24) Maeder,J (2335)-Magallon Minguez,A (2421) ICCF corr 2003}) 15... dxc4 16. bxc4 Bxd4 17. Bxd4 Qxd4 18. Qxb7 Qd2 19. Rb1 Nd7 {[#] White must now prevent ...Rb8.} 20. Qxc6 ({But not} 20. Bxc6 $2 Rb8 21. Qxb8+ Nxb8 22. Rxb8+ Kg7 $19) 20... Qxe2 21. Bf1 Ne5 {aiming for ...Qxf1+!} 22. Bxe2 Nxc6 23. Nf3 Rc8 24. c5 Bd5 25. Rc1 Rb8 26. Kf1 Rb2 27. Ne1 e5 1/2-1/2

[Event "BL 2016-17"]
[Site "Germany"]
[Date "2017.04.08"]
[Round "11"]
[White "Howell, David W L"]
[Black "Fedorovsky, Michael"]
[Result "1-0"]
[WhiteElo "2684"]
[BlackElo "2482"]
[Annotator "TA"]
[PlyCount "119"]
[EventDate "2017.??.??"]
[EventType "team-tourn"]
[EventCountry "GER"]
[SourceTitle "playchess.com"]
[Source "ChessBase"]
[SourceQuality "1"]
[WhiteTeam "Hockenheim"]
[BlackTeam "Bayern München"]

{[%evp 21,119,10,13,0,0,0,0,0,0,0,4,9,9,7,47,43,51,55,79,19,23,24,24,22,19,22,21,0,0,0,13,0,0,0,0,0,0,-5,0,0,0,0,0,0,0,0,0,0,0,0,0,0,0,0,53,54,218,214,212,218,218,205,200,197,340,304,235,187,432,424,465,452,758,702,720,720,658,674,607,556,818,617,1593,1556,1558,1483,1358,1135,5097,5374,2549,2112,4622,2889,29967,29968,29977,29976,29976,29975]} 1. c4 c5 2. Nf3 Nc6 3. d4 cxd4 4. Nxd4 Nf6 5. Nc3 e6 6. Bf4 d5 7. e3 {A33: Symmetrical English: 2 Nf3 Nf6 3 d4 cxd4 4 Nxd4 e6 5 Nc3 Nc6} Bb4 8. Be2 dxc4 9. Nxc6 Qxd1+ 10. Rxd1 bxc6 11. Bxc4 Nd5 {LiveBook: 5 Games} 12. Bg3 Nxc3 13. bxc3 Bxc3+ 14. Ke2 O-O $146 (14... a5) 15. Rd3 Bf6 16. Rb1 Rd8 17. Bd6 e5 {White must now prevent ...Bf5.} 18. e4 a5 19. Rb6 Ra7 20. f3 (20. Rxc6 $16 Rb7 21. Rb3) 20... Be6 $1 $11 {[%cal Re6c4]} 21. Bxe6 fxe6 22. Bb8 Rxd3 23. Kxd3 {[%mdl 4096] Endgame KRB-KRB} Rd7+ 24. Kc3 Rd1 25. Rb2 Kf7 26. Bc7 a4 27. Kb4 Rd4+ 28. Kc3 Rd1 29. Rc2 Ke7 30. Bb6 Bg5 31. Bc5+ Kd7 32. Kb4 Be7 33. Bxe7 (33. Kxa4 Bxc5 34. Rxc5 Rd2 $17) 33... Kxe7 34. Kxa4 {KR-KR} ({Much worse is} 34. Rxc6 Rd2 35. a3 (35. Kxa4 $2 Rxa2+ 36. Kb4 Rxg2 37. Rc7+ Kf6 $19) 35... Rxg2 $17) 34... Kd6 35. Kb3 c5 36. a4 {[%cal Ba2a4,Ba4a5,Ba5a6][%mdl 32]} Kc6 37. Ra2 Rd3+ (37... Kb6 $11) 38. Kc2 $14 Rd4 $2 (38... Rd7 $1 $14) 39. a5 $1 $18 Kb7 40. a6+ $1 Ka7 41. Ra5 $1 Rc4+ {[#]} 42. Kd2 $1 g5 {[#]} (42... Rb4 {is a better defense.} 43. Kc3 (43. Rxc5 Rb2+ 44. Ke3 Rxg2 $16) 43... Rb6 44. Rxc5 Kxa6 45. Rxe5 Rd6) 43. g4 $1 h6 44. h3 {[%cal Bh2h3,Bh3h4][%mdl 32]} Rd4+ $2 (44... Ka8 45. Ra1 Rd4+ 46. Kc3 Rd8) 45. Kc3 Rd1 46. Rxc5 Ra1 (46... Rc1+ $142 47. Kb4 Rb1+ 48. Ka5 Ra1+ 49. Kb5 Rb1+ 50. Kc6 Rb6+ 51. Kd7 Rb3 52. Rxe5 Rxf3 53. Rxe6 Rxh3) 47. Rxe5 Rxa6 48. Kd4 Kb7 {[#]} 49. h4 $1 {[%mdl 512]} Kc7 (49... gxh4 50. Rh5) 50. hxg5 Kd6 {Threatens to win with ...Ra4+.} 51. f4 Ra4+ 52. Ke3 hxg5 53. Rxg5 Ra3+ 54. Kf2 Ra2+ 55. Kg3 Ra3+ 56. Kh4 Rf3 57. f5 Ke5 58. Rg6 {White mates.} exf5 59. exf5 Kf4 60. Ra6 1-0

[Event "BL 2016-17"]
[Site "Jenbach"]
[Date "2017.04.22"]
[Round "11"]
[White "Ragger, Markus"]
[Black "Bayer, Bernhard"]
[Result "1-0"]
[WhiteElo "2681"]
[BlackElo "2443"]
[Annotator "TA"]
[PlyCount "107"]
[EventDate "2017.??.??"]
[EventCountry "AUT"]
[SourceTitle "playchess.com"]
[Source "ChessBase"]
[SourceQuality "1"]
[WhiteTeam "Maria Saal"]
[BlackTeam "Absam"]

{[%evp 25,107,56,58,64,59,64,76,74,87,87,87,80,79,60,83,39,45,-34,88,55,85,-54,0,-16,0,0,52,22,29,27,35,0,0,0,0,-12,-12,-17,-11,-13,-13,-41,-20,-86,-64,-143,-83,-69,41,27,40,11,75,79,155,127,220,209,249,231,240,229,210,223,233,241,331,314,301,304,440,525,789,743,1523,958,918,916,1102,810,1268,869,2065,2054]} 1. d4 Nf6 2. c4 e6 3. Nc3 Bb4 4. e3 O-O 5. Bd3 c5 6. Nf3 Nc6 7. O-O Bxc3 8. bxc3 d6 9. e4 e5 10. d5 Ne7 11. Nh4 h6 12. Qf3 Ng6 13. Nf5 Re8 {LiveBook: 3 Games. E41: Nimzo-Indian: Rubinstein: 4...c5 5 Bd3, including Hübner Variation} 14. g3 Nh7 15. h4 Qf6 $146 {White is slightly better.} (15... Ne7 16. Ne3 Rf8 17. Bd2 Bd7 18. Kh2 Rb8 19. Rab1 b6 20. Rg1 Rb7 21. Bc2 Kh8 22. Rbf1 a6 23. a4 Bc8 24. Bc1 Bd7 25. Bd2 Bc8 26. Bc1 Bd7 {½-½ (26) Peralta,F (2546)-Bruzon Batista,L (2608) Montcada 2008}) 16. Qg2 Kh8 17. Bd2 Rb8 18. Rae1 Bd7 19. Ne3 Qd8 20. h5 Ne7 21. f4 (21. f3 $14) 21... f6 (21... Ng8 $1 $15 {keeps the upper hand.}) 22. Be2 Qa5 23. Bg4 ({White should try} 23. a4 $16) 23... Bxg4 24. Nxg4 Qa4 ({But not} 24... Qxa2 25. Ne3 Qa5 26. Ra1 $11) 25. Ne3 b5 (25... Nc8 $11) 26. cxb5 Rxb5 27. Bc1 Rb1 28. Qc2 (28. Re2 $5 {creates asymmetry.} Nf8 29. c4 Reb8 30. Bb2 Rxf1+ 31. Qxf1 Qe8 32. Qf3) 28... Qxc2 29. Nxc2 Rb6 30. Na3 Nc8 31. Rf2 Kg8 32. Kf1 Ra6 33. Re3 Re7 34. Ke2 (34. c4 $11 {keeps the balance.}) 34... Ra4 $17 35. Kd3 {[#]} (35. c4 $1 $15) 35... Nb6 (35... f5 $142 $1 {[%mdl 512] And now ...Nf6 would win.} 36. exf5 e4+ 37. Ke2 Nf6) 36. c4 {[#]} exf4 (36... f5 $1 $15 {[%mdl 512]} 37. fxe5 (37. exf5 e4+ 38. Ke2 Nxc4 39. Nxc4 Rxc4 $15) 37... fxe4+ 38. Rxe4 Ng5) 37. gxf4 $14 Nf8 38. Rc2 Nc8 (38... f5 $11 {remains equal.}) 39. Nb5 $16 a6 ({Better is} 39... Nd7) 40. Nc3 Rb4 (40... Ra5 $16 41. Ne2 Rf7) 41. Ba3 $18 Rbb7 42. e5 fxe5 43. fxe5 Rxe5 44. Rxe5 dxe5 45. Bxc5 Rf7 46. Bxf8 Kxf8 {[%mdl 4096] Endgame KRN-KRN} 47. c5 Ke7 (47... Rf4 {might work better.} 48. d6 Rd4+ 49. Ke3 Nxd6) 48. Ke4 {White is clearly winning.} Rf4+ 49. Kxe5 Rh4 50. Rb2 Rxh5+ 51. Kd4 Rg5 52. Ne4 Rg1 53. Rb8 Kd7 54. c6+ 1-0

[Event "BL 2016-17"]
[Site "Germany"]
[Date "2017.04.08"]
[Round "11"]
[White "Movsesian, Sergei"]
[Black "Bruedigam, Martin"]
[Result "1/2-1/2"]
[WhiteElo "2679"]
[BlackElo "2405"]
[Annotator "TA"]
[PlyCount "119"]
[EventDate "2017.??.??"]
[EventType "team-tourn"]
[EventCountry "GER"]
[SourceTitle "playchess.com"]
[Source "ChessBase"]
[SourceQuality "1"]
[WhiteTeam "Baden-Baden"]
[BlackTeam "König Tegel"]

{[%evp 23,119,15,42,0,29,32,27,31,45,13,51,51,52,58,71,56,42,33,41,59,101,97,93,29,41,32,17,48,43,25,17,8,39,2,28,0,0,0,0,0,0,0,0,-10,0,0,0,0,0,0,0,0,0,0,0,0,0,0,0,0,0,0,0,0,0,0,0,0,0,0,0,0,0,0,0,0,0,0,0,0,0,0,0,0,0,0,0,0,0,0,0,0,0,0,0,0,0,0]} 1. e4 e5 2. Nf3 Nc6 3. Bb5 {[%cal Bf1b5,Bb5a4,Ba4b3,Bb3a2][%mdl 32]} a6 4. Ba4 Nf6 5. O-O Be7 6. d3 b5 7. Bb3 d6 8. a3 {C84: Closed Ruy Lopez: Unusual White 6th moves} Na5 9. Ba2 O-O 10. Nc3 Be6 11. Nd5 c5 12. b4 Nc6 {LiveBook: 8 Games} 13. Bg5 cxb4 $146 (13... Bxd5 14. exd5 Nd4 15. bxc5 Nxf3+ 16. Qxf3 dxc5 17. Rfe1 {0-1 (42) Dominguez Perez,L (2754)-Aronian,L (2812) Wijk aan Zee 2014}) 14. Bxf6 ({Reject} 14. axb4 Bxd5 15. Bxf6 Bxa2 16. Bxe7 Qxe7 $17) 14... Bxf6 15. axb4 Ra7 16. c3 Bg5 (16... a5 $5 {is more complex.} 17. bxa5 Rxa5 18. Qd2 Bxd5 19. Bxd5 Ne7) 17. Nxg5 Qxg5 18. f4 exf4 19. Nxf4 Bxa2 20. Rxa2 a5 21. bxa5 b4 22. Nd5 {aiming for Rf5.} bxc3 23. a6 (23. Qb3 $16) 23... Nb4 $11 24. h4 Qd8 $1 25. Nxb4 Qb6+ 26. d4 Qxb4 27. Qd3 d5 28. e5 {Black should prevent Rb1.} Qb6 29. Rc1 Rc7 {The position is equal.} 30. Kh2 Rfc8 31. Rb1 Qa7 32. h5 h6 (32... c2 $5 33. Rc1 $8 h6 $11) 33. Qf5 Rb8 34. Rxb8+ Qxb8 {[%mdl 4096] Endgame KQR-KQR} 35. Qc2 Qa7 36. Ra4 Qb6 37. Qf5 Qa7 {[#] White must now prevent ...c2.} 38. e6 fxe6 $1 39. Qxe6+ Kh8 40. Qe8+ Kh7 41. Ra2 c2 {[#] ...Qb6 is the strong threat.} 42. Rxc2 $1 {[%mdl 512]} Rxc2 43. Qg6+ Kh8 44. Qxc2 {Strongly threatening Qd3.} Qxa6 {KQ-KQ} 45. Qf5 Qc4 46. Qe5 Qb3 47. Qf4 Kg8 48. g3 Qd1 49. Qb8+ Kh7 50. Qe5 Qf3 51. Kh3 Kg8 52. Kh4 Kf7 53. Qc7+ Kf6 54. Qd6+ (54. Qd8+ $5 {is interesting.} Kf7 55. Qd7+ Kf6 56. Qd8+) 54... Kf7 55. Qg6+ Kf8 56. Qd6+ Kf7 57. Qc7+ Kf6 58. Qe5+ Kf7 59. Kh3 Kg8 60. Qe8+ 1/2-1/2

[Event "BL 2016-17"]
[Site "Germany"]
[Date "2017.04.08"]
[Round "11"]
[White "Shirov, Alexei"]
[Black "Moreno Tejera, Emilio"]
[Result "1/2-1/2"]
[WhiteElo "2678"]
[BlackElo "2426"]
[Annotator "TA"]
[PlyCount "81"]
[EventDate "2017.??.??"]
[EventType "team-tourn"]
[EventCountry "GER"]
[SourceTitle "playchess.com"]
[Source "ChessBase"]
[SourceQuality "1"]
[WhiteTeam "Baden-Baden"]
[BlackTeam "König Tegel"]

{[%evp 25,81,14,29,11,15,8,10,0,0,0,0,0,0,-3,0,-44,-33,-38,-9,-11,0,-54,0,6,18,0,0,0,0,0,0,0,0,0,0,0,0,0,0,0,0,0,0,-14,0,-302,-299,-473,0,0,0,0,0,0,0,0,0,0]} 1. e4 e5 2. Nf3 Nc6 3. Bb5 a6 4. Ba4 Nf6 5. O-O Be7 6. Re1 b5 7. Bb3 d6 8. c3 O-O 9. h3 Na5 10. Bc2 c5 11. d4 Nd7 12. d5 Nb6 {C96: Closed Ruy Lopez: Chigorin Defence: 11 d4, replies other than 11...Qc7} 13. Nbd2 g6 {LiveBook: 31 Games} (13... Bd7 14. Nf1 Nb7 15. Ng3 g6 16. Bh6 Re8 17. Qc1 c4 18. Ng5 Nc5 19. f4 exf4 20. Qxf4 {1-0 (41) Robson,R (2675)-Naroditsky,D (2646) chess.com INT 2017}) 14. b3 f5 15. Qe2 f4 $146 (15... Bd7 16. c4 Bf6 17. Bb2 f4 18. Reb1 b4 19. a3 Nb7 20. Ne1 {½-½ (49) Bergmann,M (2434)-Monacell,J (2441) LSS email 2010}) 16. b4 cxb4 17. cxb4 Nac4 18. Nxc4 Nxc4 19. Bb3 Qc7 20. Bb2 Nxb2 21. Qxb2 Bd8 22. a4 bxa4 23. Rxa4 (23. Bxa4 $11 Qb6 24. Rec1) 23... Rb8 ({Better is} 23... g5 $1 $15) 24. Rc1 $11 Qe7 25. Rc6 Kg7 26. Bc4 a5 27. b5 Bb7 28. Qa3 Bxc6 29. dxc6 Bb6 30. Rxa5 Bxa5 31. Qxa5 Rfc8 32. Bd5 {Hoping for b6.} Qc7 33. Qb4 Rb6 34. Ng5 {Threatens to win with Ne6+.} Qb8 $1 35. Qc4 $2 {[%mdl 8192]} (35. Ne6+ $11 {and White is okay.} Kh8 36. Qd2) 35... Rxb5 $19 {Strongly threatening ...Rb1+.} 36. Bg8 {[#]} (36. Kh2 {was called for.}) 36... Rxg8 $2 (36... Rb7 $1 $19 {[%mdl 512]} 37. Qe6 (37. cxb7 Rxc4) 37... Re8) 37. Qf7+ $11 {The position is equal.} Kh6 38. Qxh7+ Kxg5 39. Qe7+ Kh6 40. Qh4+ Kg7 {[#] ( -> ...Qa7)} 41. Qe7+ 1/2-1/2

[Event "BL 2016-17"]
[Site "Jenbach"]
[Date "2017.04.22"]
[Round "11"]
[White "Volokitin, Andrei"]
[Black "Theuretzbacher, Klaus"]
[Result "1/2-1/2"]
[WhiteElo "2649"]
[BlackElo "2249"]
[Annotator "TA"]
[PlyCount "126"]
[EventDate "2017.??.??"]
[EventCountry "AUT"]
[SourceTitle "playchess.com"]
[Source "ChessBase"]
[SourceQuality "1"]
[WhiteTeam "Jenbach"]
[BlackTeam "St. Valentin"]

{[%evp 11,126,41,42,34,57,45,35,43,34,-58,35,0,25,6,0,0,0,-34,-20,-49,-36,-31,-25,-45,0,-10,-2,0,0,0,12,-82,-87,-108,-100,-125,-122,-146,-146,-146,-153,-159,-138,-218,-219,-206,-124,-143,-143,-143,-143,-143,-139,-139,-131,-131,-100,-100,-100,-100,-100,-100,-100,-100,-100,-100,-100,-189,-149,-149,-149,-149,-149,-149,-149,-149,-149,-149,-149,-149,-149,-149,-149,-149,-149,-149,-149,-149,-149,-149,-149,-149,-149,-149,-146,-146,-146,-146,-146,-146,-146,-146,-146,-146,-120,-120,-120,-120,-120,-120,-120,-120,-120,-120,-120,-120,-120]} 1. e4 d5 2. exd5 Qxd5 3. Nc3 Qd6 4. d4 Nf6 5. Nf3 a6 6. g3 {[%cal Bg2g3,Bg3g4][%mdl 32]} Bg4 {[%cal Bc8g4,Bg4h5,Bh5g6][%mdl 32]} 7. h3 {B01: Scandinavian Defence} Bh5 (7... Qe6+ 8. Be3 Bh5 9. Bg2 $16) 8. Bg2 Nc6 9. Bf4 {White is slightly better.} Qb4 10. Bd2 $146 (10. g4 $14 Bg6 11. Qc1) (10. a3 Qxb2 11. Na4 Qb5 12. c4 Qxc4 13. Rc1 Qe6+ 14. Be3 Nd5 {½-½ (28) Landa,K (2641)-Bauer,C (2614) Nancy 2008}) 10... Qd6 (10... Nxd4 11. g4 Bg6 12. a3 $16) (10... Qxb2 11. Rb1 Qa3 12. g4 $16 (12. Rxb7 Bxf3 13. Qxf3 Nxd4 $16)) (10... Bxf3 $1 $15 11. Qxf3 (11. Bxf3 Nxd4 12. O-O O-O-O $15) 11... Nxd4) 11. g4 Bg6 12. Qe2 O-O-O 13. O-O-O e6 (13... Nxd4 $2 14. Nxd4 Qxd4 15. Be3 $18) 14. Bg5 {[%cal Bd2g5,Bg5h4,Bh4g3,Bg3e5][%mdl 32]} Be7 15. Bh4 Rhe8 16. Bg3 Qb4 17. Qe3 h6 18. a3 Qb6 $40 {[%mdl 128] Black has some attack.} 19. Ne5 Nxe5 ({Of course not} 19... Nxd4 $6 20. Na4 Qa7 21. Rd2 $16 (21. Nxg6 fxg6 22. Rhe1 g5 $14)) 20. Bxe5 ({Don't play} 20. Qxe5 Bd6 21. Qe3 Bxg3 22. Qxg3 Rxd4 23. Rxd4 Qxd4 $17) 20... Qa5 21. f4 (21. Qg3 $11 {remains equal.}) 21... Nd5 $1 $17 {[%cal Rd5e3]} 22. Nxd5 exd5 23. Qe1 {[#]} ({Don't go for} 23. Bxg7 $2 Bf6 $1 {[%mdl 512]} 24. Qf2 Bxg7 $19) 23... Qxe1 $1 24. Rhxe1 f6 25. f5 fxe5 26. fxg6 e4 27. Rf1 {[#]} (27. Kd2 $17) 27... Bg5+ $1 $19 28. Kb1 Re6 29. Rf5 Rxg6 30. Bf1 Rf6 31. Rxf6 Bxf6 $17 {[%mdl 4096] Endgame KRB-KRB} 32. Be2 Rf8 33. Rf1 Be7 34. Rxf8+ Bxf8 {KB-KB} 35. c4 c6 {[%cal Bc7c6,Bc6d5][%mdl 32]} 36. cxd5 cxd5 37. Bd1 Kc7 38. Bb3 Kd6 39. a4 (39. Bd1 $17 {keeps fighting.}) 39... b5 40. axb5 axb5 41. Kc2 Be7 {Threatens to win with ...Bf6.} 42. Kd2 Bf6 43. Ke3 Bg5+ 44. Ke2 Bc1 45. Ba2 Bxb2 46. Ke3 Bc1+ 47. Ke2 Bg5 48. Bb3 Kc6 49. Ba2 Bf4 50. Bb3 Bh2 {...Bg1 is the strong threat.} 51. Kf2 g6 52. Ba2 h5 53. Bb3 Kd6 54. Ba2 Ke6 55. Bb3 Bf4 56. Ke2 Bg3 57. Ke3 hxg4 58. hxg4 {Black is better.} Bh2 {White must now prevent ...Bg1+.} 59. Kf2 Bf4 60. Ke2 Bc1 61. Ba2 Bb2 62. Ke3 b4 63. Bb3 Bc1+ 1/2-1/2